000 00416nam a2200181Ia 4500
001 3289
005 20260306145632.0
008 260306t1996||||xx |||||||||||||| ||spa||
041 _aESP
082 _a264.2685
_bF81
100 _aFrasnelli, Dante
_eAUT
245 0 _aEl melancólico rostro
260 _c1996
300 _a147 páginas :
_c29 cm.
650 _aGEN
654 _aCHU
942 _cLIB
_dJUS
_fJUS
_2ddc
_n
999 _c3289
_d3289